000 00750nam a22002297a 4500
003 UA-OsUOA
001 40939
007 ta
008 20080703b un ||||| |||| 00| 0 ukr d
100 _aФедорук Ярослав
090 _a94(477).04
_bФ33
942 _cBK
040 _aUA-OsUOA
_bukr
_cUA-OsUOA
_dUA-OsUOA
245 _aЗовнішньополітична діяльність Богдана Хмельницького і формування його політичної програми (1648 - серпень 1649 рр.)
300 _a67 с.
955 _a1
041 _aukr
080 _a94(477).04
260 _aЛьвів
_c1993
650 7 _a9 Географія. Біографії. Історія
_2UDC
999 _c439443
_d439443